00822 a2200229 4500010001400000020002600014035001300040037001600053082001000069090001700079100002400096245008600120250001100206260004400217270004800261300003000309500005100339700002900390942002500419999001700444952013100461 aENG-89182 a9788120334151c450.00 aEN-72715 bDBAD / PUB14a005.8 c10466d104661 aPfleeger, Charles P1 aSecurity in computing /cby Charles P Pfleeger [and] Shari Lawrence Pfleeger a4th ed aNew DelhibPrentice-Hall of Indiac2008 aM-97, Connaught Circus,bNew Delhie110001 axxix, 845p.c24 cm (pbk) aIncludes bibliographical references and index1 aPfleeger, Shari Lawrence adplcENk005.8 / PFL c10193d10193 00102ddc40718NFICaDBADbDBADeDBAD/PUBg450.00l0o005.8pEN-72715r2008-09-15 00:00:00t1u11223v450.00w2008-09-15yEN